000 00470 a2200169 4500
003 OSt
005 20231109144533.0
008 231109b |||||||| |||| 00| 0 eng d
020 _a9788194163770
040 _coclc
082 _a320
_bTHA/S
100 _aThangal, M I
_91921
245 _aSanghabodhathinte haritha sakshyangal /
_cM I Thangal
260 _aKerala:
_bGrace,
_c2020.
300 _a187p
942 _2ddc
_cBK
_h320
_iTHA/S
_k320
_mTHA/S
999 _c43004
_d43004